| 000 | 02113cam a2200529 a 4500 | ||
|---|---|---|---|
| 001 | 14085905 | ||
| 003 | OSt | ||
| 005 | 20140310182749.0 | ||
| 008 | 050824s2005 nyu 001 0 eng | ||
| 010 | _a 2005053885 | ||
| 020 | _a9812659412 | ||
| 035 | _a(OCoLC)ocm61513218 | ||
| 040 |
_aDLC _cDLC _dYDX _dBAKER _dCOU _dDLC |
||
| 050 | 0 | 0 |
_aPE 1116 _b.V736 2006 |
| 082 | 0 | 0 |
_aM 808.042024612 _222 _bV71 2006 |
| 100 | 1 | _aVillemaire, Doreen. | |
| 245 | 1 | 0 |
_aGrammar and writing skills for the health professional _cVillemarie, Doreen |
| 246 | 3 | _aGrammar & writing skills for the health professional | |
| 250 | _a2nd ed. | ||
| 260 |
_aClifton Park, NY _bDelmar/Thomson Learning _cc2006 |
||
| 300 |
_axii, 304 p. _c28 cm. |
||
| 500 | _aRevision of: Grammar and writing skills for the health professional / Lorraine Villemaire, Doreen Villemaire. 2001. | ||
| 500 | _aIncludes index. | ||
| 521 | _aCollege Students | ||
| 526 | _c1210L to 1700L | ||
| 541 | _j1 | ||
| 541 | _j2 | ||
| 541 | _j3 | ||
| 541 | _j4 | ||
| 541 | _j5 | ||
| 541 | _j6 | ||
| 562 | _e6 | ||
| 650 | 0 |
_aEnglish language _xGrammar _vProblems, exercises, etc. |
|
| 650 | 0 |
_aEnglish language _xRhetoric _vProblems, exercises, etc. |
|
| 650 | 0 |
_aMedical writing _vProblems, exercises, etc. |
|
| 650 | 1 | 2 |
_aWriting _vProblems & Exercises. |
| 650 | 2 | 2 |
_aLanguage Arts _vProblems & Exercises. |
| 650 | 2 | 2 | _aHealth Personnel. |
| 700 | 1 | _aVillemaire, Lorraine. | |
| 700 | 1 |
_aVillemaire, Lorraine. _tGrammar and writing skills for the health professional. |
|
| 856 | 4 | 2 |
_3Contributor biographical information _uhttp://www.loc.gov/catdir/enhancements/fy1103/2005053885-b.html |
| 856 | 4 | 2 |
_3Publisher description _uhttp://www.loc.gov/catdir/enhancements/fy1103/2005053885-d.html |
| 856 | 4 | 1 |
_3Table of contents only _uhttp://www.loc.gov/catdir/enhancements/fy1103/2005053885-t.html |
| 906 |
_a7 _bcbc _corignew _d1 _eocip _f20 _gy-gencatlg |
||
| 942 |
_2lcc _cBK _kM |
||
| 999 |
_c15711 _d15711 |
||